000 00287nam a22001337a 4500
008 211018b ||||| |||| 00| 0 eng d
041 _aeng
080 _25th
_a159.9
082 _a159.9
100 _a48
101 _aPSI
245 _aPsychology and Life
_cRuch,F.L
942 _2udc
_cBK
999 _c58247
_d58247